Planning for housing (Record no. 75862)

MARC details
000 -LEADER
fixed length control field 01552cab a2200193 4500
001 - CONTROL NUMBER
control field L130880
008 - FIXED-LENGTH DATA ELEMENTS--GENERAL INFORMATION
fixed length control field 050912n2005 000 0 eng u
035 ## - SYSTEM CONTROL NUMBER
System control number (Sirsi) u130880
041 0# - LANGUAGE CODE
Language code of text/sound track or separate title eng
110 ## - MAIN ENTRY--CORPORATE NAME
Corporate name or jurisdiction name as entry element Royal Institution of Chartered Surveyors
9 (RLIN) 4900
245 ## - TITLE STATEMENT
Title Planning for housing
Remainder of title RICS submission to government
260 ## - PUBLICATION, DISTRIBUTION, ETC.
Place of publication, distribution, etc. LondonbRICS
Date of publication, distribution, etc. 2005
520 ## - SUMMARY, ETC.
Summary, etc. RICS has made its submission to government in respect of the ODPM consultation "Planning for housing provision" (see L130383). RICS sees the proposals to reform the system of planning for housing provision as meaning the abolition of the 'plan, monitor, manage' approach to housing numbers which government has admitted has failed. Ministers are seeking now to allow the planning system to respond more quickly to the housing market so that more homes can be built where they are needed through a rolling 15 year pool of land supply. A key concern is that despite government assurances that more emphasis will be placed on the development of brownfield sites there is in fact an implication that the trigger to release more land may actually result in development being targeted at already over-priced areas, leading to a cycle that could be difficult to stop.
590 ## - LOCAL NOTE (RLIN)
Local note IKA130905
690 ## - LOCAL SUBJECT ADDED ENTRY--TOPICAL TERM (OCLC, RLIN)
Topical term or geographic name as entry element PROPERTY-RESIDENTIAL PROPERTY-RESIDENTIAL LAND
700 ## - ADDED ENTRY--PERSONAL NAME
Personal name Foster, Oliver
856 ## - ELECTRONIC LOCATION AND ACCESS
Uniform Resource Identifier <a href="https://www.rics.org/Environmentalandlandconsultancy/Planninganddevelopment/Planningreform/planning+for+housing.htm">https://www.rics.org/Environmentalandlandconsultancy/Planninganddevelopment/Planningreform/planning+for+housing.htm</a>
Public note View the RICS submission free of charge at www.rics.org...
942 ## - ADDED ENTRY ELEMENTS (KOHA)
Suppress in OPAC 0
Holdings
Withdrawn status Lost status Source of classification or shelving scheme Damaged status Not for loan Home library Current library Shelving location Date acquired Total Checkouts Full call number Barcode Date last seen Copy number Price effective from Koha item type
    Dewey Decimal Classification     Virtual Virtual Online 12/09/2005   ONLINE PUBLICATION 130880-2001 06/08/2019 1 06/08/2019 Journal article